| 000 | 00981nam a2200205Ia 4500 | ||
|---|---|---|---|
| 999 |
_c39509 _d39509 |
||
| 001 | 6105 | ||
| 003 | GE_BSU | ||
| 005 | 20190923122151.0 | ||
| 008 | 181216s1949||||ge |||||||||||||| ||geo|| | ||
| 040 | _cGE_BSU | ||
| 041 | _ageo | ||
| 080 | _a821.353.1(092 ჭავჭავაძე,ა) ა-87 | ||
| 100 |
_aასათიანი, ლევან _93571 |
||
| 245 |
_aალექსანდრე ჭავჭავაძე : _b1948 წლის 29 მარტს თბილისში წაკითხული საჯარო ლექციის სტენოგრამა / _cლევან ასათიანი ; რედ. ვ. მაჭავარიანი. |
||
| 264 |
_aთბილისი : _b[გ.გ.] ; _c1949. |
||
| 300 |
_a25 გვ. ; _c20 სმ. |
||
| 653 | _aალექსანდრე ჭავჭავაძე | ||
| 700 |
_aმაჭავარიანი, ვ. _eრედაქტორი _94222 |
||
| 942 |
_cBK _2udc |
||